Millennial spring : designing the future of organizations /

Bibliographic Details
Other Authors: Grace, Miriam, (Editor), Graen, George B., (Editor)
Format: eBook
Language:English
Published: Charlotte, North Carolina : Information Age Publishing Inc., 2014.
Series:LMX Leadership: The Series
Subjects:
Online Access:Click to View
LEADER 01889nam a2200457 i 4500
001 EBC3316019
003 MiAaPQ
005 20200520144314.0
006 m o d |
007 cr cnu||||||||
008 140724t20142014ncua ob 000 0 eng d
020 |z 9781623967444 
020 |z 9781623967451 
020 |a 9781623967468  |q (electronic bk.) 
035 |a (MiAaPQ)EBC3316019 
035 |a (Au-PeEL)EBL3316019 
035 |a (CaPaEBR)ebr10894574 
035 |a (OCoLC)883919879 
040 |a MiAaPQ  |b eng  |e rda  |e pn  |c MiAaPQ  |d MiAaPQ 
050 4 |a TS171.4  |b .M55 2014 
082 0 |a 745.2  |2 23 
245 0 0 |a Millennial spring :  |b designing the future of organizations /  |c edited by Miriam Grace, George B. Graen. 
264 1 |a Charlotte, North Carolina :  |b Information Age Publishing Inc.,  |c 2014. 
264 4 |c 2014 
300 |a 1 online resource (307 pages) :  |b illustrations. 
336 |a text  |2 rdacontent 
337 |a computer  |2 rdamedia 
338 |a online resource  |2 rdacarrier 
490 0 |a LMX Leadership: The Series 
504 |a Includes bibliographical references. 
588 |a Description based on print version record. 
590 |a Electronic reproduction. Ann Arbor, MI : ProQuest, 2015. Available via World Wide Web. Access may be limited to ProQuest affiliated libraries. 
650 0 |a Industrial design. 
650 0 |a Design and technology. 
650 0 |a Organizational change. 
655 4 |a Electronic books. 
700 1 |a Grace, Miriam,  |e editor. 
700 1 |a Graen, George B.,  |e editor. 
776 0 8 |i Print version:  |t Millennial spring : designing the future of organizations.  |d Charlotte, North Carolina : Information Age Publishing Inc., c2014   |h xix, 286 pages   |k LMX Leadership: The Series   |z 9781623967444   |w 2014022674 
797 2 |a ProQuest (Firm) 
856 4 0 |u https://ebookcentral.proquest.com/lib/matrademy/detail.action?docID=3316019  |z Click to View